Pilotos Brasileiros na Fórmula 1 - Statistics

Estatísticas Gerais
  • Esse quiz foi jogado 4 155 vezes
    638 desde o último reset
  • A pontuação média é 12 de 33
Estatísticas das Respostas
Anos Equipes Pilotos % Correto
1984-1994 Toleman, Lotus, McLaren, Williams Ayrton Senna
97%
2002, 2004-2017 Sauber, Ferrari, Williams Felipe Massa
87%
2010-2012 Hispania, Lotus Renault, Williams Bruno Senna
82%
2025 - atualmente Kick Sauber, Audi Gabriel Bortoleto
82%
1970-1980 Lotus, World Wide, McLaren, Copersucar, Fittipaldi Emerson Fittipaldi
71%
1978-1991 Tissot, BS, Parmalat, Fila, MRD, Williams, Lotus, Bennetton Nelson Piquet
71%
1993-2011 Jordan, Stewart, Ferrari, Honda, Brawn, Williams Rubens Barrichello
70%
2008-2009 Renault Nelson Piquet Jr.
66%
2020 Haas Pietro Fittipaldi
64%
1992-1994 Minardi, Footwork Christian Fittipaldi
63%
1972-1973, 1975 Brabham, Copersucar Wilson Fittipaldi Jr
60%
2015-2016 Sauber Felipe Nasr
35%
1972-1977 Williams, Surtees, Goldie Hexagon, Brabham, Martini José Carlos Pace
31%
2000-2001 Jaguar, Prost Luciano Burti
24%
1999-2001, 2004-2005 BAR, Jordan, Toyota Ricardo Zonta
21%
2010 Virgin Lucas di Grassi
20%
1982, 1987, 1989-1992, 1995 Lotus, AGS, Coloni SpA, EuroBrun, Bennetton, Jordan, Minardi, Andrea Moda, Forti Roberto Pupo Moreno
20%
1995-2000 Forti, Ligier, Arrows, Sauber Pedro Paulo Diniz
18%
2003-2005 Jaguar, Williams Antônio Pizzonia
17%
2003-2004 Toyota Cristiano da Matta
15%
1988-1992 March, Leyton House, Jordan Maurício Gugelmin
15%
1981-1983 Fittipaldi, Arrows Chico Serra
14%
1951-1953, 1956 Privada, Bandeirantes, Milano, Maserati Chico Landi
13%
2001-2002 Arrows Enrique Bernoldi
13%
1996-1997, 2001 Minardi Tarso Marques
13%
1976-1977 Copersucar Ingo Hoffmann
12%
1982-1983 March, Ligier Raul Boesel
12%
1975-1978 March, BMW, Fred Opert, Alex Ribeiro Alex Ribeiro
11%
1996-1998 Footwork Arrows, Lola, Tyrrell Ricardo Rosset
11%
1952 Bandeirantes Gino Bianco
9%
1973 Surtees Luiz Pereira Bueno
9%
1959 Centro Sur, Camoradi USA Fritz d'Orey
8%
1955-1956 Gordini Hermano da Silva Ramos
8%
Nenhum quiz correspondente encontrado
Distribuição das Pontuações
Porcentagem de Pessoas com Cada Pontuação
Percentil de Números Respondidos
Sua Pontuação Histórica
Você não jogou esse quiz desde o último reset